000
00330 a2200145 4500
001
48111
020
_a
9788591456628
040
_c
Anchieta - Aquarius
100
_a
Heine, Palmira
240
1
0
_a
O reino todo amarelo
_l
por
245
1
0
_a
O reino todo amarelo
300
_a
16
650
4
_a
Literatura infanto-juvenil
942
_c
BK
999
_c
48111
_d
48111